Т. 1: Теоретические основы. Качественный анализ; Основы аналитической химии. Качественный и количественный анализ

Dades bibliogràfiques
Parent link:Основы аналитической химии. Качественный и количественный анализ: учебник для вузов/ А. П. Крешков. Т. 1: Теоретические основы. Качественный анализ.— , 1961
Idioma:rus
Publicat: 1961
Matèries:
Format: Llibre
KOHA link:https://koha.lib.tpu.ru/cgi-bin/koha/opac-detail.pl?biblionumber=53093

MARC

LEADER 00000nam2a2200000 4500
001 53093
005 20231101211415.0
035 |a (RuTPU)RU\TPU\book\55673 
035 |a RU\TPU\book\55655 
090 |a 53093 
100 |a 20030611d1961 m y0rusy50 ca 
101 0 |a rus 
102 |a RU 
105 |a aс j 001zy 
200 0 |a Т. 1: Теоретические основы. Качественный анализ 
210 |d 1961 
215 |a 635 с.  |c ил. 
320 |a Библиогр.: с. 584-595. 
461 1 |0 (RuTPU)RU\TPU\book\55672  |t Основы аналитической химии. Качественный и количественный анализ  |o учебник для вузов  |f А. П. Крешков  |v Т. 1: Теоретические основы. Качественный анализ  |d 1961 
606 1 |a Аналитическая химия  |2 stltpush  |3 (RuTPU)RU\TPU\subj\67454  |9 83247 
610 1 |a качественный анализ 
610 1 |a закон действия масс 
610 1 |a применение 
610 1 |a растворы 
610 1 |a водные растворы 
610 1 |a буферные растворы 
610 1 |a гидролизующиеся соли 
610 1 |a электролиты 
610 1 |a равновесие 
610 1 |a реакции 
610 1 |a аппаратура 
610 1 |a катионы 
610 1 |a анионы 
610 1 |a индивидуальные соединения 
610 1 |a смеси 
610 1 |a учебники 
675 |a 543(075.8)  |v 3 
801 1 |a RU  |b 63413507  |c 20021219  |g PSBO 
801 2 |a RU  |b 63413507  |c 20160727  |g PSBO 
942 |c BK